00502nam a2200121Ia 4500008004100000020001800041050001900059245009200078260006200170300002000232440002500252650010300277120721s9999 xx 000 0 und d a970-712-722-8 aHM671 M45 2006 aMemoria del coloquio sobre derechos sociales / Suprema Corte de Justicia de la Nación aMéxico : Suprema Corte de Justicia de la Nación, 2006 a247 p. ; 21 cm. aColección Memorias a1. Derechos sociales - Congresos 2. Justicia social - Congresos 3. Derechos humanos - CongresosÌ